Aide-mémoire de thérapeutique / (Record no. 48431)

MARC details
000 -LEADER
campo de control de longitud fija 00593nam a2200205 i 4500
001 - NÚMERO DE CONTROL
campo de control 48431
003 - IDENTIFICADOR DE NÚMERO DE CONTROL
campo de control ES-MaACL
005 - FECHA Y HORA DE LA ÚLTIMA TRANSACCIÓN
campo de control 20230906161742.0
007 - CAMPO FIJO DE DESCRIPCIÓN FÍSICA--INFORMACIÓN GENERAL
campo de control de longitud fija t|
008 - DATOS DE LONGITUD FIJA--INFORMACIÓN GENERAL
campo de control de longitud fija 030820s1910 fr ||||1| fre d
245 00 - MENCIÓN DEL TÍTULO
Título Aide-mémoire de thérapeutique /
Mención de responsabilidad, etc. par G. M. Debove, G. Pouchet, A. Sallard.
250 ## - MENCION DE EDICION
Mención de edición 2e éd rev. et augm.
260 ## - PUBLICACIÓN, DISTRIBUCIÓN, ETC.
Lugar de publicación, distribución, etc. Paris :
Nombre del editor, distribuidor, etc. Masson,
Fecha de publicación, distribución, etc. 1910.
300 ## - DESCRIPCIÓN FÍSICA
Extensión 3 h., II, 911 p. ;
Dimensiones 25 cm.
650 04 - PUNTO DE ACCESO ADICIONAL DE MATERIA--TÉRMINO DE MATERIA
Término de materia o nombre geográfico como elemento de entrada Terapéutica.
9 (RLIN) 17479
700 1# - ENTRADA AGREGADA--NOMBRE PERSONAL
Nombre de persona Debove, G. M.
9 (RLIN) 43128
700 0# - ENTRADA AGREGADA--NOMBRE PERSONAL
Nombre de persona Pouchet, Gabriel.
9 (RLIN) 93423
700 1# - ENTRADA AGREGADA--NOMBRE PERSONAL
Nombre de persona Sallard, A.
9 (RLIN) 101971
852 ## - LOCALIZACIÓN
Ubicación ES-MaACL
Número de control de estantería B-11209
Holdings
Estatus retirado Estado de pérdida Estado de daño No para préstamo Biblioteca de origen Biblioteca actual Ubicación en estantería Fecha de adquisición Fuente de adquisición Total de préstamos Signatura topográfica completa Código de barras Visto por última vez Precio de reemplazo Tipo de ítem Koha
        Biblioteca del Ateneo de Madrid Biblioteca del Ateneo de Madrid Sala Pardo Bazán 17/01/2008     B-11209 1050967 23/02/2023 23/02/2023 Libro impreso